• 首页
  • 本馆介绍
  • 公告通知
  • 最新文献
  • 馆藏检索
  • 电子资源
  • 读者导购
  • 参考咨询
  • 我的图书馆
  • 登录
  • 详细信息显示
  • 放入我的书架
  • 预约/预借图书
  • 作者相关作品
  • 分类相关作品
  • 丛书相关作品
  • 出版社相关作品

书目信息

  • 表格格式
  • 工作单格式
  • 卡片格式
题名:
金属塑性加工变形
    
 
作者: Тарновский , 塔尔诺夫斯基 著 ;曹乃光 译
分册:  
出版信息: 北京   冶金工业出版社  1958
页数: 522页
开本: 21cm
丛书名:
单 册:
中图分类: TG301
科图分类:
主题词: 轧制 , 锻造 , 金属压力加工
电子资源:
ISBN:
000 01084nam0 2200313 45 980
001 0657019114
005 20060728155101.01
010    @dCNY2.66
091    @a15062.848
100    @a19970805d1958 emky0chiy0121 ea
101 1  @achi@crus
102    @aCN@b110000
105    @afa z 000yy
106    @ar
200 10 @a金属塑性加工变形@e锻造及轧制@f(苏)塔尔诺夫斯基,И.Я.著@Ajin shu su xing jia gong bian xing@g曹乃光等译
210    @a北京@c冶金工业出版社@d1958
215    @a522页@c表,图@d21cm
300    @a译自:Хормоиэменение при плическиой обработке металлов
300    @a据1954年俄文版译出
517 1  @aХормоиэменение при плическиой обработке металлов
606    @a轧制
606    @a锻造
606 0  @a金属压力加工
690    @aTG301@v3
701 A1 @aТарновский@bИ.Я.@f苏@4著@AТарновский
701  1 @a塔尔诺夫斯基@bИ.Я.@f苏@4著@Ata er nuo fu si ji
702  0 @a曹乃光@4译@Acao nai guang
801 0  @c20060728
905    @a10447@dTG301@e5
    
    金属塑性加工变形:锻造及轧制/(苏)塔尔诺夫斯基,И.Я.著/曹乃光等译 .-北京:冶金工业出版社,1958
    522页:表,图;21cm
    译自:Хормоиэменение при плическиой обработке металлов.-据1954年俄文版译出
    
    ISBN :CNY2.66
    
●
相关链接 在E读中查询图书 在五车中查询图书 在当当中查询图书 在豆瓣中查询图书


正题名:金属塑性加工变形     索取号:TG301/5         预约/预借

序号 登录号 条形码 馆藏地/架位号 状态 备注
1 0438992   204389928   密集书库/ [索取号:TG301/5] 在馆    
唐山师范学院图书馆 欢迎您!
大连网信软件有限公司© 版权所有